| 000 | 00375nam a2200157Ia 4500 | ||
|---|---|---|---|
| 003 | GCL | ||
| 008 | 140319s9999 xx 000 0 eng d | ||
| 040 |
_aGCL / _cGCL |
||
| 082 | 0 | 4 |
_a371.332 _bS D |
| 245 | 1 | 0 | _aDRAMA WITH CHILDREN |
| 260 |
_a[S.N] : _bHARPEP&ROW PUFLISHERS ، _c1983 |
||
| 300 | _a337P | ||
| 650 | 0 | 4 | _aDRAMA |
| 650 | 0 | 4 | _aCHILDREN - DRAMA |
| 942 |
_2ddc _cBK |
||
| 999 |
_c11402 _d11402 |
||